000 00333pab a2200133 454500
008 180718b1985 xxu||||| |||| 00| 0 eng d
245 _aAMA's compensation/benefits briefing
_bThe personnel staff
260 _c1985
300 _a18-25
362 _aMay
650 _aCompensation, Laws - U.S.A.
773 _aPersonnel
909 _a6280
999 _c6280
_d6280